Brooke report published (Record no. 117490)
[ view plain ]
| 000 -LEADER | |
|---|---|
| fixed length control field | 01386cam a2200241 4500 |
| 001 - CONTROL NUMBER | |
| control field | WB4022-13 |
| 008 - FIXED-LENGTH DATA ELEMENTS--GENERAL INFORMATION | |
| fixed length control field | 040609n2004 000 0 eng u |
| 035 ## - SYSTEM CONTROL NUMBER | |
| System control number | (Sirsi) u126439 |
| 245 ## - TITLE STATEMENT | |
| Title | Brooke report published |
| 260 ## - PUBLICATION, DISTRIBUTION, ETC. | |
| Date of publication, distribution, etc. | 2004 |
| 490 ## - SERIES STATEMENT | |
| Series statement | RICS Press Release |
| Volume/sequential designation | (pr055) 8 June 2004 (4) |
| 520 ## - SUMMARY, ETC. | |
| Summary, etc. | The "Brooke report", which has been published, sets out a plan to re-engage RICS members at local level, providing relevant professional links. Communication is to be simplified, better targeted and clearer and policy making is to be more transparent. Accepted recommendations are to be properly resourced, with no extra funds from members. Key themes tackled include devolution, professional communities, communication, self-regulation and RICS matrics. The report follows six months of member consultation and most of the several thousand members who have submitted their views have endorsed the proposals. Copies of the report are downloadable from http://www.rics.org. http://www.rics.org/ricscms/bin/show?class=PressRe lease&template=/includes/showpr.html&id=1189&facul ty=RICS |
| 590 ## - LOCAL NOTE (RLIN) | |
| Local note | WB |
| 590 ## - LOCAL NOTE (RLIN) | |
| Local note | WB |
| 650 ## - SUBJECT ADDED ENTRY--TOPICAL TERM | |
| Topical term or geographic name entry element | RICS BROOKE REVIEW |
| 650 ## - SUBJECT ADDED ENTRY--TOPICAL TERM | |
| Topical term or geographic name entry element | PROFESSIONAL BODIES |
| 650 ## - SUBJECT ADDED ENTRY--TOPICAL TERM | |
| Topical term or geographic name entry element | PROFESSIONAL INSTITUTIONS |
| 650 ## - SUBJECT ADDED ENTRY--TOPICAL TERM | |
| Topical term or geographic name entry element | FACULTIES |
| 650 ## - SUBJECT ADDED ENTRY--TOPICAL TERM | |
| Topical term or geographic name entry element | RICS MEMBERSHIP |
| 650 ## - SUBJECT ADDED ENTRY--TOPICAL TERM | |
| Topical term or geographic name entry element | CONSULTATION PROCESS |
| 690 ## - LOCAL SUBJECT ADDED ENTRY--TOPICAL TERM (OCLC, RLIN) | |
| Topical term or geographic name as entry element | PROFESSIONAL PRACTICE |
| 942 ## - ADDED ENTRY ELEMENTS (KOHA) | |
| Suppress in OPAC | 0 |
| Withdrawn status | Lost status | Source of classification or shelving scheme | Damaged status | Not for loan | Home library | Current library | Shelving location | Date acquired | Total Checkouts | Full call number | Barcode | Date last seen | Copy number | Price effective from | Koha item type |
|---|---|---|---|---|---|---|---|---|---|---|---|---|---|---|---|
| Dewey Decimal Classification | London | London | News article | 09/06/2004 | WB4022-13 | 126439-1001 | 06/08/2019 | 1 | 06/08/2019 | News article |